| 000 | 00612cam a22002053a 4500 | ||
|---|---|---|---|
| 001 | 40193 | ||
| 003 | PGUSA | ||
| 005 | 20140828083909.0 | ||
| 008 | 120710s2012||||xxu|||||s|||||000 | eng d | ||
| 040 |
_aPGUSA _beng |
||
| 042 | _adc | ||
| 100 | 1 |
_aThureau-Dangin, Paul, _d1837-1913 |
|
| 245 | 1 | 0 |
_aHistoire de la Monarchie de Juillet (Volume 1 / 7) _h[electronic resource] / _cPaul Thureau-Dangin |
| 260 |
_bProject Gutenberg, _c2012 |
||
| 506 | _aPublic domain in the USA. | ||
| 516 | _aElectronic text | ||
| 830 | 0 |
_aProject Gutenberg _v40193 |
|
| 856 | 4 | 0 | _uhttp://www.gutenberg.org/ebooks/40193 |
| 942 | _cEB | ||
| 999 |
_c269446 _d269446 |
||